Los hombres-peces (Record no. 126964)

MARC details
000 -LEADER
campo de control de longitud fija 00756nam a2200205 4500
001 - NÚMERO DE CONTROL
campo de control 126964
003 - IDENTIFICADOR DE NÚMERO DE CONTROL
campo de control ES-MaACL
005 - FECHA Y HORA DE LA ÚLTIMA TRANSACCIÓN
campo de control 20250630225035.0
007 - CAMPO FIJO DE DESCRIPCIÓN FÍSICA--INFORMACIÓN GENERAL
campo de control de longitud fija t|
008 - DATOS DE LONGITUD FIJA--INFORMACIÓN GENERAL
campo de control de longitud fija 070214s1956 sp r ||||1| spa d
100 1# - ENTRADA PRINCIPAL--NOMBRE DE PERSONA
Nombre de persona Ribera, Antonio.
9 (RLIN) 96769
245 14 - MENCIÓN DEL TÍTULO
Título Los hombres-peces
Resto del título : (exploración y arqueología submarinas) /
Mención de responsabilidad, etc. Antonio Ribera ; prólogo del Doctor Luis Pericot y carta del Comandante Jacques Yves Cousteau ; [versión ampliada y revisada por el autor].
250 ## - MENCION DE EDICION
Mención de edición 1ª ed.
260 ## - PUBLICACIÓN, DISTRIBUCIÓN, ETC.
Lugar de publicación, distribución, etc. Barcelona :
Nombre del editor, distribuidor, etc. Juventud,
Fecha de publicación, distribución, etc. 1956.
300 ## - DESCRIPCIÓN FÍSICA
Extensión 206 p., 14 lám. ;
Dimensiones 22 cm.
700 1# - ENTRADA AGREGADA--NOMBRE PERSONAL
Nombre de persona Pericot, Luis,
Fechas asociadas al nombre 1899-1978
9 (RLIN) 91262
700 1# - ENTRADA AGREGADA--NOMBRE PERSONAL
Nombre de persona Cousteau, Jacques Yves.
9 (RLIN) 41315
852 ## - LOCALIZACIÓN
Ubicación ES-MaACL
Número de control de estantería C-11760
Sublocalización o colección R.39628
Holdings
Estatus retirado Estado de pérdida Estado de daño No para préstamo Biblioteca de origen Biblioteca actual Ubicación en estantería Fecha de adquisición Fuente de adquisición Total de préstamos Signatura topográfica completa Código de barras Visto por última vez Precio de reemplazo Tipo de ítem Koha
        Biblioteca del Ateneo de Madrid Biblioteca del Ateneo de Madrid Sala Palomar 17/01/2008     C-11760 1132241 23/02/2023 23/02/2023 Libro impreso